|
|
|
|
| LEADER |
00000cam a22000004a 4500 |
| 001 |
musev2_67635 |
| 003 |
MdBmJHUP |
| 005 |
20230905050946.0 |
| 006 |
m o d |
| 007 |
cr||||||||nn|n |
| 008 |
121207s2006 enk o 00 0 eng d |
| 020 |
|
|
|a 9781847794413
|
| 020 |
|
|
|z 9780719069536
|
| 020 |
|
|
|z 9781847794840
|
| 035 |
|
|
|a (OCoLC)1132671292
|
| 040 |
|
|
|a MdBmJHUP
|c MdBmJHUP
|
| 100 |
1 |
|
|a Dobson, Lynn.
|
| 245 |
1 |
0 |
|a Supranational citizenship /
|c Lynn Dobson.
|
| 264 |
|
1 |
|a Manchester :
|b Manchester University Press,
|c 2006.
|
| 264 |
|
3 |
|a Baltimore, Md. :
|b Project MUSE,
|c 2020
|
| 264 |
|
4 |
|c ©2006.
|
| 300 |
|
|
|a 1 online resource (208 pages).
|
| 336 |
|
|
|a text
|b txt
|2 rdacontent
|
| 337 |
|
|
|a computer
|b c
|2 rdamedia
|
| 338 |
|
|
|a online resource
|b cr
|2 rdacarrier
|
| 490 |
0 |
|
|a Europe in change
|
| 505 |
0 |
|
|a Copyright; Contents; Acknowledgements; Introduction; PART I; 1. Citizenship I: membership, privilege, andplace; 2. Citizenship II: status, identity, and role; 3. Citizenship of the European Union; Part II; 4. Gewirth: action and agency; 5. Political agency; 6. Nexus, framework: constituting authority; 7. Agency, authorisation, and representation inthe EU; Part III; 8. Gewirth: community, rights, values; 9. Mutual recognition in the supranational polity; 10. The good supranational constitution; Conclusion; References; Index.
|
| 520 |
8 |
|
|a This text brings together political theory and debates about European integration, international relations, and the changing nature of citizenship, and offers a coherent and innovative theorisation of a citizenship independent of any specific form of political organisation.
|
| 588 |
|
|
|a Description based on print version record.
|
| 650 |
|
7 |
|a World citizenship.
|2 fast
|0 (OCoLC)fst01181336
|
| 650 |
|
7 |
|a Supranationalism.
|2 fast
|0 (OCoLC)fst01139162
|
| 650 |
|
7 |
|a Citizenship.
|2 fast
|0 (OCoLC)fst00861909
|
| 650 |
|
7 |
|a POLITICAL SCIENCE
|x General.
|2 bisacsh
|
| 650 |
|
7 |
|a POLITICAL SCIENCE
|x Political Freedom & Security
|x Human Rights.
|2 bisacsh
|
| 650 |
|
7 |
|a POLITICAL SCIENCE
|x Political Freedom & Security
|x Civil Rights.
|2 bisacsh
|
| 650 |
|
6 |
|a Citoyennete mondiale.
|
| 650 |
|
6 |
|a Supranationalite.
|
| 650 |
|
0 |
|a World citizenship.
|
| 650 |
|
0 |
|a Supranationalism.
|
| 650 |
|
0 |
|a Citizenship
|z Europe.
|
| 651 |
|
7 |
|a Europe.
|2 fast
|0 (OCoLC)fst01245064
|
| 655 |
|
7 |
|a Electronic books.
|2 local
|
| 710 |
2 |
|
|a Project Muse.
|e distributor
|
| 830 |
|
0 |
|a Book collections on Project MUSE.
|
| 856 |
4 |
0 |
|z Texto completo
|u https://projectmuse.uam.elogim.com/book/67635/
|
| 945 |
|
|
|a Project MUSE - Custom Collection
|
| 945 |
|
|
|a Project MUSE - Archive Complete Supplement VIII
|
| 945 |
|
|
|a Project MUSE - Archive Political Science and Policy Studies Supplement VIII
|